Specifika hospodářského cyklu ve vybraných tranzitivních ekonomikách
Zámerom analýzy vývoja hospodárskeho cyklu vo vybraných tranzitívnych ekonomikách (Česko, Maďarsko, Poľsko, Slovensko) je charakterizovať príčiny a dôsledky výkyvov ekonomickej aktivity v rokoch 1990-2003. Opiera sa o súčasť teórie hospodárskeho cyklu, ktorého základom sú súvislosti medzi makroekono...
Salvato in:
| Autore principale: | |
|---|---|
| Natura: | Capitolo di libro |
| Lingua: | ceco |
| Soggetti: | |
| Tags: |
Nessun Tag, puoi essere il primo ad aggiungerne!!
|
MARC
| LEADER | 00000naa$a2200000$$$4500 | ||
|---|---|---|---|
| 001 | 0037728 | ||
| 005 | 20231013081255.3 | ||
| 041 | 0 | |a cze | |
| 044 | |a CZ | ||
| 245 | 1 | 0 | |a Specifika hospodářského cyklu ve vybraných tranzitivních ekonomikách |c Slavoj Czesaný |
| 520 | |a Zámerom analýzy vývoja hospodárskeho cyklu vo vybraných tranzitívnych ekonomikách (Česko, Maďarsko, Poľsko, Slovensko) je charakterizovať príčiny a dôsledky výkyvov ekonomickej aktivity v rokoch 1990-2003. Opiera sa o súčasť teórie hospodárskeho cyklu, ktorého základom sú súvislosti medzi makroekonomickou rovnováhou a ekonomickým vývojom. Mapovanie kontextu medzi premenami ekonomického prostredia a charakterom vývoja ponukovej a dopytovej strany ekonomiky. | ||
| 610 | 2 | 0 | |a cykly hospodárske |
| 610 | 2 | 0 | |a rovnováha hospodárska |
| 610 | 2 | 0 | |a makroekonomika |
| 610 | 2 | 0 | |a vývoj hospodársky |
| 610 | 2 | 0 | |a prostredie ekonomické |
| 610 | 2 | 0 | |a ponuka |
| 610 | 2 | 0 | |a dopyt |
| 610 | 2 | 0 | |a produkt domáci hrubý |
| 610 | 2 | 0 | |a investície |
| 610 | 2 | 0 | |a nezamestnanosť |
| 610 | 2 | 0 | |a dovoz |
| 610 | 2 | 0 | |a vývoz |
| 610 | 2 | 0 | |a Česko |
| 610 | 2 | 0 | |a Maďarsko |
| 610 | 2 | 0 | |a Poľsko |
| 610 | 2 | 0 | |a Slovensko |
| 610 | 2 | 0 | |a 1990-2003 |
| 100 | 1 | |a Czesaný, Slavoj | |